000 01887nam0a2200385 4500
001 RU\NLR\bibl\587437
005 20260405121413.0
010 _a5-8183-0806-5
_93000
021 _aRU
_b2004-68249
_93363
035 _a(NLR Aleph) 000579417
090 _a1643059
_c1643059
100 _a20041222d2004 |||y0rusy50 ca
101 0 _arus
102 _aRU
105 _ay |||||||||
135 _acrmn mmmanaba
200 1 _aБиблиотечная профессия. Кадры. Непрерывное образование
_eСб. ст. и докл.
_fЭ.Р. Сукиасян
_gРос. библ. ассоц. Секция библ. профессии, кадров и непрерыв. образования
210 _aМ.
_cГранд
_cФаир-пресс
_d2004
215 _a446,[1] с.
_d22
225 1 _aСпециальный издательский проект для библиотек
320 _aПредм. указ.: с. 444-447
325 1 _aКопия доступна в электронной библиотеке РНБ
606 0 _aБиблиотечное образование
_91148533
_3RU\NLR\auth\66139806
606 0 _aБиблиотечные кадры
_xПодготовка
_92360881
_3RU\NLR\auth\661409811
686 _aЧ73п/р
686 _aЧ489.56
700 1 _4070
_8rus
_7ca
_aСукиасян
_bЭ. Р.
_f1937-2021
_gЭдуард Рубенович
_3RU\NLR\AUTH\7747425
_930360
801 0 _aRU
_bNLR
_c20041222
_gPSBO
801 1 _aRU
_bNLR
_c20041222
830 _aАвт. по кн.9РГ НЕ
901 _eКнижные издания
942 _cBOOK
980 _aNB
981 1 3 _a(13) Документы, защищенные авторским правом
_b(13) Современная научная, научно-популярная и популярная л